Syntax: a generative introduction
محفوظ في:
| المؤلف الرئيسي: | |
|---|---|
| التنسيق: | كتاب |
| اللغة: | الإنجليزية |
| منشور في: |
Oxford
Blackwell
2002
|
| سلاسل: | Introducing Linguistics, 4
|
| الموضوعات: | |
| الوسوم: |
إضافة وسم
لا توجد وسوم, كن أول من يضع وسما على هذه التسجيلة!
|
MARC
| LEADER | 00000nam a2200000 a 4500 | ||
|---|---|---|---|
| 001 | UCM7476 | ||
| 003 | CL-VaPUC | ||
| 008 | 021220e20020000UK |||||||||||||||||eng|d | ||
| 082 | 0 | 4 | |a 415 |b CAR |2 21 |
| 100 | 0 | |a Carnie, Andrew |e author |9 473076 | |
| 245 | 1 | 0 | |a Syntax: a generative introduction |
| 300 | |a 390 p | ||
| 942 | |c BK | ||
| 945 | |d 20021220 00:00:00 |a cmena | ||
| 260 | |a Oxford |b Blackwell |c 2002 | ||
| 650 | 0 | |a Sintaxis |9 318843 | |
| 650 | 0 | |a Gramática |9 270497 | |
| 650 | 7 | |a ESTRUCTURA GRAMATICAL |2 CL-VaPUC |9 419974 | |
| 583 | |a last modification |c 20021220 00:00:00 |k Rodrigo Vera | ||
| 490 | 0 | |a Introducing Linguistics, 4 | |
| 999 | |c 302267 |d 302265 | ||
| 952 | |0 0 |1 0 |4 0 |6 415_000000000000000_CAR_2002 |7 0 |8 A |9 362426 |a FDOPOS |b FDOPOS |d 2019-11-21 |i 3869636 |o 415 CAR 2002 |p 3869636 |r 2025-01-22 |w 2019-11-21 |y BK |k MLA | ||